Sady u Uherského Hradiště /

Hlavní autor: Hurt, Rudolf, 1902-1978
Jazyk: Čeština
Vydáno: Brno : Moravské muzeum, 1969
Témata:
Fyzický popis: S. 69-88.
Knihy
Uloženo v:
LEADER 00722nam a22001932a 4500
001 000377269
003 CZ BrMZK
005 20011112120620.0
008 980107s1969 xr f cze d
040 |a BOA001  |b cze  |c BOA002 
100 1 |a Hurt, Rudolf,  |d 1902-1978  |7 jz7500325  |4 aut 
245 1 0 |a Sady u Uherského Hradiště /  |c Rudolf Hurt. 
260 |a Brno :  |b Moravské muzeum,  |c 1969 
300 |a S. 69-88. 
500 |a Zvl. otisk z čas. Časopis Moravského muzea. Vědy společenské, roč. 53/54, 1968/69 
910 |a BOA001  |b PK-0063.315 
964 |a Uherské Hradiště-Sady - sídliště - vývoj - rozbory 
990 |a BK 
996 7 |b 3119813393  |c PK-0063.315  |l MZK  |r Sklad / do 1 hodiny  |n 9  |w 000377269  |u 000010  |a 1  |e BOA001  |j MZK50  |s A